Dolor. (Registro nro. 2196)
[ vista simple ]
| 000 -LEADER | |
|---|---|
| fixed length control field | 00751nam a2200217 a 4500 |
| 005 - FECHA ULTIMA MODIFICACION | |
| control field | 20240507120643.0 |
| 008 - CAMPO DE CONTROL (LIBRO) | |
| fixed length control field | 100427t1980||||ag f |||| 001 0 spa d |
| 020 ## - INTERNATIONAL STANDARD BOOK NUMBER | |
| ISBN | S/N |
| 041 ## - CODIGO DE IDIOMA | |
| Código de idioma del texto/pista de sonido o título separado | spa |
| 092 ## - SIGNATURA TOPOGRAFICA DEWEY LOCAL | |
| número de clasificación | 152.1 |
| libristica | 8 |
| sección | BON |
| 100 1# - ENTRADA PRINCIPAL--NOMBRE PERSONAL | |
| Nombre personal | Bond, Michael R. |
| 9 (RLIN) | 3775 |
| 245 ## - TITULO PROPIAMENTE DICHO | |
| Título | Dolor. |
| Subtítulo y Título paralelo | Su naturaleza, análisis y tratamiento / |
| Mención de responsabilidad y remanente de la transcripción de la portada | Michael R. Bond |
| 250 ## - MENCION DE EDICION | |
| Mención de edición | 1a ed. |
| Mención de responsabilidad relacionada con la ed. | Traducción Diana Perriad |
| 260 ## - PIE DE IMPRENTA | |
| Lugar de publicación, distribución, etc | Buenos Aires: |
| Nombre de la editorial, distribuidor, etc | Intermédica; |
| Fecha de publicación | 1980. |
| 300 ## - DESCRIPCION FISICA | |
| Extension | 219 p. |
| 500 ## - NOTA GENERAL | |
| Nota general | Bond, M. R. (1980). Dolor. Su naturaleza, análisis y tratamiento. (1a ed.). Buenos Aires : Intermédica. |
| 653 ## - TÉRMINO INDIZADO - PALABRAS CLAVES | |
| Palabra clave | Naturaleza del dolor |
| 653 ## - TÉRMINO INDIZADO - PALABRAS CLAVES | |
| Palabra clave | Analisis clínico del dolor |
| 653 ## - TÉRMINO INDIZADO - PALABRAS CLAVES | |
| Palabra clave | Métodos físicos y fisiológicos para aliviar el dolor |
| 942 ## - ADDED ENTRY ELEMENTS (KOHA) | |
| Source of classification or shelving scheme | Dewey Decimal Classification |
| Item type | Libros |
| Estado de retiro | Existencia | Fuente de clasificación | Estado general | No para prestamo | Ubicación permanente | ubicación actual | Sala de ubicación | Fecha de adquisición | Fuente de adquisición | Total Checkouts | Número de clasificación | Código de barras | Date last seen | Número de ejemplar | Price effective from | Koha tipo de elemento (item) | Public note |
|---|---|---|---|---|---|---|---|---|---|---|---|---|---|---|---|---|---|
| Dewey Decimal Classification | Biblioteca Medicina | Biblioteca Medicina | Circulación | 18/09/2015 | Donación Jaime Novodvoretz, Septiembre 2015 | 152.1 8 BON | 3527 | 18/09/2015 | Ej.1 | 18/09/2015 | Libros | Donación Jaime Novodvoretz, Septiembre 2015 |